000 006130000a22001930004500
090 _aAR
_b04023
245 1 0 _aAssessment of disc clipping on the survival and behavior of the andean frong Hyla labialis
500 _a<Curso de Bioacústica>
650 1 4 _aAnfibios
_992768
650 1 4 _aEtología
_97606
650 1 4 _aDemografía
_94447
651 4 _lParque Nacional Natural Chingaza
_dCundinamarca
_pColombia
_992749
653 _gHyla
_eHyla labialis
041 0 _aInglés
700 1 _aAmézquita, Adolfo
_997849
100 1 _aLuddecke, Horst
_997852
942 _cARTICULO
773 1 _tCopeia
_h3
_q824-830
_d1999
999 _c13056
_d13056